书目信息 |
| 题名: |
直流电动机实际应用技巧
|
|
| 作者: | 谷腰欣司 | |
| 分册: | ||
| 出版信息: | 北京 科学出版社 |
|
| 页数: | 227 | |
| 开本: | 20 | |
| 丛书名: | ||
| 单 册: | ||
| 中图分类: | TM336.4 | |
| 科图分类: | ||
| 主题词: | ||
| 电子资源: | ||
| ISBN: | 7-03-017498-4 | |
| 000 | 00533nam0 2200169 450 | |
| 001 | 202410182036329529 | |
| 005 | 20241018171341.28 | |
| 010 | @a7-03-017498-4@d35 | |
| 100 | @a20241018d km y0chiy0120 ea | |
| 101 | 0 | @achi |
| 200 | 1 | @a直流电动机实际应用技巧@AZhi Liu Dian Dong Ji Shi Ji Ying Yong Ji Qiao@f谷腰欣司@FGu Yao Xin Si |
| 210 | @a北京@c科学出版社 | |
| 215 | @a227@d20 | |
| 690 | @aTM336.4@v4 | |
| 701 | 0 | @a谷腰欣司@AGu Yao Xin Si |
| 801 | 0 | @aCN@b大连网信软件有限公司图书馆·11@c20241018 |
| 905 | @aZUCC@b7202104@dTM336.4@e51 | |
| 直流电动机实际应用技巧/谷腰欣司.-北京:科学出版社 |
| 227;20 |
| ISBN 7-03-017498-4:35 |
| ● |
| 相关链接 |
|
|
|
|
正题名:直流电动机实际应用技巧
索取号:TM336.4/51
 
预约/预借
| 序号 | 登录号 | 条形码 | 馆藏地/架位号 | 状态 | 备注 |